Debate the issues: new approaches to economic challenges

Guardado en:
Detalles Bibliográficos
Otros Autores: Love, Patrick
Formato: Libro
Lenguaje:inglés
Publicado: Paris OECD 2016
Colección:OECD insights
Materias:
Etiquetas: Agregar Etiqueta
Sin Etiquetas, Sea el primero en etiquetar este registro!

MARC

LEADER 00000nam a2200000 4500
001 0227951
005 20240314122814.5
020 |a 978-92-64-26211-9 
041 0 |a eng 
044 |a FR 
245 1 0 |a Debate the issues: new approaches to economic challenges  |c edited by Patrick Love 
264 1 |a Paris  |b OECD  |c 2016 
300 |a 166 s. 
490 1 |a OECD insights 
830 0 |a OECD insights 
610 2 0 |a rozvoj trvalo udržateľný 
610 2 0 |a rozvoj sociálny 
610 2 0 |a produktivita 
610 2 0 |a politika štruktúrna 
610 2 0 |a politika environmentálna 
610 2 0 |a rovnosť rodová 
610 2 0 |a financie 
610 2 0 |a rast hospodársky 
610 2 0 |a Ázia 
610 2 0 |a obchod 
610 2 0 |a spolupráca hospodárska medzinárodná 
610 2 0 |a rozvoj vidieka 
610 2 0 |a bezpečnosť potravinová 
700 1 |a Love, Patrick